000 00638cam a22002051 4500
001 ca 36000286
003 DLC
005 20260227111140.0
008 850515s1936 mau 000 1 eng
010 _aca 36000286
035 _a(OCoLC)12036197
040 _aDLC
_cTNJ
_dDLC
050 0 0 _aPS3537.C36
_bG6 1936
082 _a812.5
100 1 _aSchimmel, Robert C.
_q(Robert Carl),
_d1895-
245 1 2 _aA good egg:
_ba comedy in three acts,
_cby Robert C. Schimmel.
260 _aBoston, Mass.,
_aLos Angeles, Cal.
_b[Walter H. Baker company,
_cc1936]
300 _a2 p. l.,[3]-148 p.
_bdiagrs.
_c19 cm.
490 0 _aBaker's royalty plays
999 _c18058
_d18058